000
00314nam a2200109Ia 4500
008
171211s9999 xx 000 0 und d
245
_a
Speaking of the Moor: From "Alcazar" to "Othello"
245
_c
Emily C. Bartels
260
_c
2008
650
_x
CULTURE
856
_u
http://down.ebook777.com/063/0812240766.pdf
999
_c
347793
_d
347793